| 000 | 01493cab a22002775a 4500 | ||
|---|---|---|---|
| 001 | L147517 | ||
| 008 | 090519e20090210xxk f l 000 0 eng d | ||
| 035 | _a(Sirsi) u147517 | ||
| 041 | 0 | _aeng | |
| 100 | 1 | _aMartin, John | |
| 245 | 0 | 0 | _aHow certain is certain? |
| 260 | _c2009 | ||
| 490 | 0 |
_aSolicitor's Journal _v153(5) 10 February 2009, 8(1) |
|
| 520 | _aExamines the recent ruling in Newham LBC v Thomas-Van Staden ((2008) EWCA Civ 1414) on whether a fixed-term business tenancy which provided for a period of holding over could be said to be a tenancy granted "for a term of years certain" as required by the Landlord and Tenant Act 1954 S38(4) for a tenancy to be contracted out of the provisions of S24-28 of the Act. Notes the repeal of S38(4) by the Regulatory Reform (Business Tenancies) (England and Wales) Order 2003 and considers whether the position would nevertheless be the same under the new S38A. | ||
| 590 | _aKA | ||
| 650 | 2 | 4 | _aNEWHAM LBC V THOMAS-VAN STADEN |
| 650 | 2 | 4 | _aRE LAND AND PREMISES AT LISS, HANTS |
| 650 | 2 | 4 | _aNICHOLLS V KINSEY |
| 650 | 2 | 4 | _aRECEIVER FOR THE METROPOLITAN POLICE DISTRICT V PALACEGATE PROPERTIES LTD |
| 650 | 2 | 4 | _aLANDLORD AND TENANT ACT 1954 SS24-28 |
| 650 | 2 | 4 | _aLANDLORD AND TENANT ACT 1954 S38(4) |
| 650 | 2 | 4 | _aLANDLORD AND TENANT ACT 1954 S38(A) |
| 651 | 4 |
_aEngland and Wales _y1543- |
|
| 690 | _aPROPERTY-COMMERCIAL PROPERTY-LEASEHOLD COMMERCIAL PROPERTY-COMMERCIAL LANDLORD AND TENANT-BUSINESS TENANCIES | ||
| 942 | _n0 | ||
| 999 |
_c81554 _d81554 |
||